ਜਨਮ ਸਾਖੀ ਗੁਰੂ ਬਾਬਾ ਨਾਨਕ ਪੇੰਟਿੰਗ (Record no. 1435259)

MARC details
000 -LEADER
fixed length control field 00758nam a22002057a 4500
005 - DATE AND TIME OF LATEST TRANSACTION
control field 20250909125509.0
008 - FIXED-LENGTH DATA ELEMENTS--GENERAL INFORMATION
fixed length control field 250909b |||||||| |||| 00| 0 eng d
037 ## - SOURCE OF ACQUISITION
Terms of availability TB
040 ## - CATALOGING SOURCE
Original cataloging agency AL
Transcribing agency AL
041 ## - LANGUAGE CODE
Source of code pun
Language code of text/sound track or separate title pun
050 ## - LIBRARY OF CONGRESS CALL NUMBER
Item number AL
084 ## - COLON CLASSIFICATION NUMBER
Assigning agency AL
100 ## - MAIN ENTRY--PERSONAL NAME
Personal name ਸੁਰਜੀਤ ਹਾਂਸ
9 (RLIN) 820676
245 ## - TITLE STATEMENT
Title ਜਨਮ ਸਾਖੀ ਗੁਰੂ ਬਾਬਾ ਨਾਨਕ ਪੇੰਟਿੰਗ
260 ## - PUBLICATION, DISTRIBUTION, ETC.
Place of publication, distribution, etc. ਅੰਮ੍ਰਿਤਸਰ , ਭਾਰਤ:
Name of publisher, distributor, etc. ਗੁਰੂ ਨਾਨਕਦੇਵ ਯੁਨੀਵਰਸੀਟੀ
Date of publication, distribution, etc. 1986.
300 ## - PHYSICAL DESCRIPTION
Extent 58ਪ.
365 ## - TRADE PRICE
Price amount 300.00
Currency code INR
942 ## - ADDED ENTRY ELEMENTS (KOHA)
Source of classification or shelving scheme Colon Classification (CC)
Koha item type Textbook
Classification part Q8441:33w(NQ) 153M6;P2
Suppress in OPAC No
Holdings
Withdrawn status Lost status Source of classification or shelving scheme Damaged status Not for loan Home library Current library Date acquired Cost, normal purchase price Inventory number Total Checkouts Full call number Barcode Date last seen Price effective from Koha item type
    Colon Classification (CC)     Arts Library Arts Library 2025-09-09 300.00 316 & 04.01.2005   Q8441:33w(NQ) 153M6;P2 AL1222860 2025-09-09 2025-09-09 Textbook
    Colon Classification (CC)     Arts Library Arts Library 2025-09-09 300.00 316 & 04.01.2005   Q8441:33w(NQ) 153M6;P2 AL1222859 2025-09-09 2025-09-09 Textbook
    Colon Classification (CC)     Arts Library Arts Library 2025-09-09 300.00 316 & 04.01.2005   Q8441:33w(NQ) 153M6;P2 AL1347365 2025-09-09 2025-09-09 Textbook
    Colon Classification (CC)     Arts Library Arts Library 2025-09-09 300.00 316 & 04.01.2005   Q8441:33w(NQ) 153M6;P2 AL0989688 2025-09-09 2025-09-09 Textbook
Copyright @ Delhi University Library System